000 01498nam a2200373 a 4500
003 AR-BaBNM
005 20251128203911.0
008 082120s2002 ||||||||||||||000 | spa||
040 _cAR-BaBNM
100 1 _aBlock, James H.
245 0 0 _aComo aprender para lograr el dominio de lo aprendido
_bmastery learning
250 _a2ª ed.
260 _aBuenos Aires
_bEl Ateneo
_c1979
300 _axviii, 142 p.
490 0 _aBiblioteca Nuevas Orientaciones de la Educación. Psicología de la Educación
500 _aEste libro reune los principios rectores del "mastery learning": teoría que parte del supuesto que todos o casi todos los alumnos son capaces de realizar un buen aprendizaje y sugiere procedimientos escolares concretos para obtenerlos
504 _aContiene bibliografía al final de cada capítulo
650 4 _aTEORIAS DEL APRENDIZAJE
650 4 _aPSICOLOGIA DE LA EDUCACION
650 4 _aMETODOS DE ENSEÑANZA
650 4 _aACTIVIDADES DE APRENDIZAJE
650 4 _aPRUEBAS DE RENDIMIENTO
650 4 _aPRUEBAS DE CONOCIMIENTOS
653 _aPROCESO DE ENSEÑANZA-APRENDIZAJE
700 1 _aAirasian, Peter W.
_ecolaborador
700 1 _aBloom, Benjamin Samuel
_ecolaborador
700 1 _aCarroll, John B.
_ecolaborador
700 1 _aGutiérrez, María Teresa
_etraductor
700 1 _aCastello, María Catalina
_etraductor
700 1 _aAntebi, Mirtha Ivonne
_eprologuista
800 1 _aTula, María Arsenia
_edirector
942 _cBK
998 _csilvi
999 _c5394
_d5394